Statistics for Flags of First-Level Subdivisions of Asia Quiz

Click here to take the quiz!

General Stats

  • This quiz has been taken 26 times
  • The average score is 35 of 363

Answer Stats

Answer% Correct
Hong Kong
93%
Cocos (Keeling) Islands
79%
Macau
79%
Christmas Island
71%
Kurdistan
64%
Abkhazia
50%
Aceh
36%
Adjara
36%
Astana
36%
Azad Kashmir
36%
Bali
36%
Busan
36%
Sejong
36%
Seoul
36%
Tokyo
36%
Baikonur
29%
Balochistan
29%
Buryatia
29%
Hokkaido
29%
Jeju
29%
Jewish
29%
Johor
29%
Punjab
29%
Sabah
29%
Sakha
29%
Sarawak
29%
Shan
29%
Sindh
29%
Tuva
29%
Yangon
29%
Yerevan
29%
Ajman / Dubai
21%
Almaty
21%
Altai
21%
Amori
21%
Amur
21%
Baġdād
21%
Bangsamoro
21%
Bishkek
21%
Capital
21%
Chukotka
21%
Daegu
21%
Fukushima
21%
Gifu
21%
Gyeonggi
21%
Hualien
21%
Hyōgo
21%
Jalal-Abad
21%
Karakalpakstan
21%
Kedah
21%
Khakassia
21%
Kuala Lumpur
21%
Miyazaki
21%
Nagasaki
21%
Northern
21%
Okinawa
21%
Osh
21%
Osh
21%
Perlis
21%
Sakhalin
21%
Shiga
21%
Shizuoka
21%
South Chungcheong
21%
Southern
21%
Special Capital Region of Jakarta
21%
Taipei
21%
Tbilisi
21%
Abai
14%
Abu Dhabi
14%
Aichi
14%
Akita
14%
Akrotiri and Dhekelia
14%
Aktobe
14%
Almaty
14%
Atyrau
14%
Bābil
14%
Bangkok
14%
Baṣra
14%
Chiba
14%
Daejeon
14%
Dornod
14%
Ehime
14%
Fukui
14%
Fukuoka
14%
Gangwon
14%
Ganūb Sīnā'
14%
Gilgit-Baltistan
14%
Gunma
14%
Gwangju
14%
Hiroshima
14%
Ibaraki
14%
Incheon
14%
Ishikawa
14%
Islamabad
14%
Issyk-Kul
14%
Iwate
14%
Kagawa
14%
Kagoshima
14%
Kamchatka
14%
Kanagawa
14%
Karagandy
14%
Kelantan
14%
Khyber Pakhtunkhwa
14%
Kōchi
14%
Kumamoto
14%
Kurgan
14%
Kyoto
14%
Labuan
14%
Malacca
14%
Mie
14%
Miyagi
14%
Muharraq
14%
Nara
14%
Naryn
14%
Naypyidaw
14%
Negeri Sembilan
14%
Niigata
14%
Ōita
14%
Okayama
14%
Omsk
14%
Osaka
14%
Pahang
14%
Penang
14%
Perak
14%
Putrajaya
14%
Ras Al-Khaima / Sharjah
14%
Saga
14%
Saitama
14%
Selangor
14%
Shamāl Sīnā'
14%
Shimane
14%
Shymkent
14%
Tochigi
14%
Tokushima
14%
Tottori
14%
Toyama
14%
Ulaanbaatar
14%
Ulsan
14%
Ulytau
14%
Uva
14%
Wakayama
14%
Yamagata
14%
Yamaguchi
14%
Yamalo-Nenets
14%
Yamanashi
14%
Akmola
7%
Al-'Anbār
7%
Altai
7%
Arkhangai
7%
Bangka-Belitung Islands
7%
Batken
7%
Bulgan
7%
Central
7%
Chelyabinsk
7%
Chin
7%
Chüy
7%
Dundgovi
7%
East
7%
Govi-Altai
7%
Govisümber
7%
Hsinchu
7%
Irkutsk
7%
Jambyl
7%
Jetisu
7%
Kachin
7%
Kaohsiung
7%
Kayah
7%
Kayin
7%
Khanty-Mansi
7%
Kinmen
7%
Kostanay
7%
Kyzyl'orda
7%
Magadan
7%
Mangystau
7%
Mon
7%
Nagono
7%
Najaf
7%
North Chungcheong
7%
Northern
7%
North Gyeongsang
7%
North Jeolla
7%
North Kazakhstan
7%
North Sumatra
7%
Ömnögovi
7%
Orkhon
7%
Övörkhangai
7%
Pavlodar
7%
Primorsky
7%
Rakhine
7%
Sabaragamuwa
7%
Selenge
7%
Southern
7%
South Jeolla
7%
Special Region of Yogyakarta
7%
Talas
7%
Tashkent
7%
Terengganu
7%
Tomsk
7%
Töv
7%
Turkistan
7%
Tyumen
7%
Umm Al-Quwain
7%
Western
7%
West Kazakhstan
7%
West Sumatra
7%
Zabaykalsky
7%
Zavkhan
7%
Al-Qādisiyyah
0%
Amnat Charoen
0%
Ang Thong
0%
Ayeyarwady
0%
Bago
0%
Banten
0%
Bayankhongor
0%
Bayan-Ölgii
0%
Bengkulu
0%
Bueng Kan
0%
Buriram
0%
Central Java
0%
Central Kalimantan
0%
Central Sulawesi
0%
Chachoengsao
0%
Chai Nat
0%
Chaiyaphum
0%
Changhua
0%
Chanthaburi
0%
Chiang Mai
0%
Chiang Rai
0%
Chiayi
0%
Chiayi
0%
Chonburi
0%
Chumphon
0%
Danu
0%
Darkhan-Uul
0%
Dhi Qār
0%
Diyālā
0%
Dornogovi
0%
Eastern
0%
East Java
0%
East Kalimantan
0%
East Nusa Tenggara
0%
Fujairah
0%
Gorontalo
0%
Hsinchu
0%
Jambi
0%
Kalasin
0%
Kamphaeng Phet
0%
Kanchanaburi
0%
Karbala
0%
Keelung
0%
Kemerovo
0%
Khabarovsk
0%
Khentii
0%
Khon Kaen
0%
Khovd
0%
Khövsgöl
0%
Kokang
0%
Krabi
0%
Krasnoyarsk
0%
Lampang
0%
Lamphun
0%
Lampung
0%
Lienchiang
0%
Loei
0%
Lopburi
0%
Mae Hong Son
0%
Magway
0%
Maha Sarakham
0%
Mandalay
0%
Maysan
0%
Miaoli
0%
Mukdahan
0%
Muthannā
0%
Naga
0%
Nakhon Nayok
0%
Nakhon Pathon
0%
Nakhon Phanom
0%
Nakhon Ratchasima
0%
Nakhon Sawan
0%
Nakhon Si Thammarat
0%
Nan
0%
Nantou
0%
Narathiwat
0%
New Taipei
0%
Nineveh
0%
Nong Bua Lamphu
0%
Nong Khai
0%
Nonthaburi
0%
North Central
0%
North Eastern
0%
North Kalimantan
0%
North Sulawesi
0%
North Western
0%
Novosibirsk
0%
Pa Laung
0%
Pa'O
0%
Pathum Thani
0%
Pattani
0%
Penghu
0%
Phang Nga
0%
Phatthalung
0%
Phayao
0%
Phetchabun
0%
Phetchaburi
0%
Phichit
0%
Phitsanulok
0%
Phrae
0%
Phra Nakhon Si Ayutthaya
0%
Phuket
0%
Pingtung
0%
Prachiburi
0%
Prachuap Khiri Khan
0%
Ranong
0%
Ratchaburi
0%
Rayong
0%
Riau
0%
Riau Islands
0%
Roi Et
0%
Sagaing
0%
Sa Kaeo
0%
Sakon Nakhon
0%
Şalāḩ Dīn
0%
Samut Prakan
0%
Samut Sakhon
0%
Samut Songkhram
0%
Saraburi
0%
Satun
0%
Sing Buri
0%
Si Sa Ket
0%
Songkhla
0%
Southeast Sulawesi
0%
South Gyeongsang
0%
South Kalimantan
0%
South Sulawesi
0%
South Sumatra
0%
Sukhbaatar
0%
Sukhothai
0%
Suphan Buri
0%
Surat Thani
0%
Surin
0%
Taichung
0%
Tainan
0%
Taitung
0%
Tak
0%
Tanintharyi
0%
Taoyuan
0%
Trang
0%
Trat
0%
Ubon Ratchathani
0%
Udon Thani
0%
Uthai Thani
0%
Uttaradit
0%
Uvs
0%
Wāsit
0%
West Java
0%
West Kalimantan
0%
West Nusa Tenggara
0%
West Sulawesi
0%
Yala
0%
Yasothon
0%
Yekaterinburg
0%
Yilan
0%
Yunlin
0%

Score Distribution

Percentile by Number Answered

Percent of People with Each Score

Your Score History

You have not taken this quiz